Basic research methods in social science : the art of empirical investigation
Αποθηκεύτηκε σε:
| Κύριος συγγραφέας: | |
|---|---|
| Μορφή: | Βιβλίο |
| Γλώσσα: | English |
| Δημοσίευση: |
New York :
Random House,
c1969
|
| Θέματα: | |
| Ετικέτες: |
Προσθήκη ετικέτας
Δεν υπάρχουν, Καταχωρήστε ετικέτα πρώτοι!
|
MARC
| LEADER | 00000nam a2200000 i 4500 | ||
|---|---|---|---|
| 001 | 1/67237 | ||
| 008 | 960618s1969 eng d | ||
| 020 | |a 394-30521-3 | ||
| 035 | |l 10029970 | ||
| 040 | |a GR-MY-UA |b gre |e aacr | ||
| 041 | 0 | |a eng | |
| 082 | 0 | |a 300.72 | |
| 100 | 1 | |a Simon, Julian Lincoln |d 1932- | |
| 245 | 1 | 0 | |a Basic research methods in social science : |b the art of empirical investigation / |c Julian L. Simon |
| 260 | |a New York : |b Random House, |c c1969 | ||
| 300 | |a 525 p. | ||
| 500 | |a Includes bibliography and index | ||
| 650 | 0 | 0 | |a Social sciences |x Research. |
| 650 | 0 | 0 | |a Social sciences |x Methodology. |
| 852 | |a INST |b CHIOS |e 19960618 |h 300.72 SIM |p 005200007764 |q 005200007764 |t BK |y 0 | ||
| 909 | |a Χ |b 013378 | ||